000 00429nam a22001577a 4500
003 NUST
005 20220807102516.0
008 220807b ||||| |||| 00| 0 eng d
020 _a9798512979976
038 _aAzhar
082 _a600
_bTEC
245 _aTech trends: 2021 simple guide for future technologies. AI, IoT, Edge computing and 10+ Innovations
260 _aUSA
_bCoppell
_c2021
300 _a211p
942 _2ddc
_cLC
999 _c590805
_d590805